US Presidents 1-40 by Political Party and State - Statistics

General Stats
  • This quiz has been taken 31 times
    7 since last reset
  • The average score is 63 of 159
Answer Stats
Hint Name % Correct
1 George Washington
100%
33 2
80%
1
40%
1
40%
1
40%
1
40%
1
40%
1
40%
1
40%
1
40%
1
40%
1
40%
1
40%
1
40%
1
40%
1
40%
1
40%
1
40%
1
40%
1
40%
1
40%
1
40%
34 1
40%
2
40%
2
40%
2
40%
2
40%
2
40%
2
40%
2
40%
2
40%
2
40%
2
40%
2
40%
2
40%
2
40%
2
40%
2
40%
2
40%
2
40%
35 4
40%
16 Abraham Lincoln
40%
7 Andrew Jackson
40%
17 Andrew Johnson
40%
23 Benjamin Harrison
40%
CA
40%
CA
40%
CA
40%
30 Calvin Coolidge
40%
21 Chester Arthur
40%
D
40%
D
40%
D
40%
D
40%
D
40%
D
40%
D
40%
D
40%
D
40%
D
40%
D
40%
D
40%
37 D
40%
Dwight D Eisenhower
40%
40 F
40%
14 Franklin Pierce
40%
32 Franklin Roosevelt
40%
GA
40%
Gerald Ford
40%
22 Grover Cleveland
40%
24 Grover Cleveland
40%
Harry Truman
40%
31 Herbert Hoover
40%
IL
40%
IL
40%
IN
40%
IN
40%
15 James Buchanan
40%
20 James Garfield
40%
4 James Madison
40%
5 James Monroe
40%
11 James Polk
40%
2 John Adams
40%
John F Kennedy
40%
6 John Quincy Adams
40%
10 John Tyler
40%
LA
40%
Lyndon B Johnson
40%
MA
40%
MA
40%
MA
40%
MA
40%
8 Martin Van Buren
40%
MI
40%
13 Millard Fillmore
40%
MO
40%
NH
40%
NJ
40%
NY
40%
NY
40%
NY
40%
NY
40%
NY
40%
OH
40%
OH
40%
OH
40%
OH
40%
PA
40%
R
40%
R
40%
R
40%
R
40%
R
40%
R
40%
R
40%
R
40%
R
40%
R
40%
R
40%
R
40%
R
40%
R
40%
R
40%
R
40%
36 R
40%
Richard Nixon
40%
Ronald Reagan
40%
19 Rutherford Hayes
40%
26 Theodore Roosevelt
40%
3 Thomas Jefferson
40%
TN
40%
TN
40%
TN
40%
TX
40%
18 Ulysses Grant
40%
VA
40%
VA
40%
VA
40%
VA
40%
VA
40%
W
40%
W
40%
W
40%
39 W
40%
29 Warren Harding
40%
9 William Henry Harrison
40%
25 William McKinley
40%
27 William Taft
40%
28 Woodrow Wilson
40%
12 Zachary Taylor
40%
DR
20%
DR
20%
DR
20%
38 DR
20%
James Carter
20%
KS
20%
NY
20%
NY
20%
OH
20%
No matching quizzes found
Score Distribution
Percent of People with Each Score
Percentile by Number Answered
Your Score History
You have not taken this quiz since the last reset